| 000 | 00827nam a2200289Ia 4500 | ||
|---|---|---|---|
| 008 | 160803s9999 xx 000 0 und d | ||
| 020 | _a9780545341271 | ||
| 100 | _aKerley, Barbara | ||
| 245 | 4 | _aThe extraordinary Mark Twain (according to Susy) / | |
| 245 | _cby Barbara Kerley ; illustrated by Edwin Fotheringham. | ||
| 260 | _aNew York : | ||
| 260 | _bScholastic Inc. | ||
| 260 | _c2010 | ||
| 300 | _a64 unnumbered pages : | ||
| 300 | _bcolor illustrations ; | ||
| 300 | _c28 cm. | ||
| 650 | _aClemens, Susy, -- 1872-1896 -- | ||
| 650 | _aFiction. | ||
| 650 | _aFiction. | ||
| 650 | _aReaders (Primary) | ||
| 650 | _aTwain, Mark, -- 1835-1910 -- | ||
| 650 | _xAuthors, American -- | ||
| 650 | _xAuthorship -- | ||
| 650 | _xJuvenile fiction. | ||
| 650 | _xJuvenile fiction. | ||
| 700 | _a1090 | ||
| 999 |
_c299749 _d299749 |
||